000 00327nam a2200145Ia 4500
100 _aDubey / G.K./ Kasarabada/ C.
490 _vI
942 _cBK
654 _apower
245 _aPower Electronics & Drives
260 _bTata Mc Graw hill
_aNew Delhi
_c1993
082 _a621.317
_bPAN
300 _a495
546 _aENGLISH
999 _c33309
_d33309